Invités des Rencontres du Papotin en images - Statistiques

Statistiques générales
  • Ce quiz a été pris 82 fois
  • Le résultat moyen est 18 sur 23
Statistiques - réponses
Par images Réponse % Correct
Emmanuel Macron
100%
Omar Sy
100%
Dany Boon
99%
Julien Doré
99%
Philippe Etchebest
97%
Thomas Pesquet
97%
Jonathan Cohen
95%
Gilles Lellouche
93%
Adèle Exarchopoulos
90%
Marion Cotillard
90%
Clara Luciani
89%
Philippe Katerine
89%
Virginie Efira
89%
Camille Cottin
88%
Antoine Dupont
84%
Christiane Taubira
81%
Angèle
71%
François Cluzet
70%
Josiane Balasko
67%
Juliette Armanet
60%
Benoît Magimel
58%
Ginette Kolinka
25%
Matthieu Ricard
19%
Aucun quiz correspondant
Distribution des résultats
% des personnes avec chaque résultat
Percentile par nombre de réponses
Votre historique - résultats
Vous n’avez pas pris ce quiz